Представление документа в формате MARC21

Поле Инд. ПП Название Значение
Тип записи a
Библиографический уровень b
001 Контрольный номер 81c5ee5af623416f83967ea4ec11760a
005 Дата корректировки 20200702141334.9
008 Кодируемые данные 20170331
040 b Код языка каталог. rus
e Правила каталог. PSBO
041 0_ a Код языка текста rus
084 a Индекс другой классификации/Индекс ББК 67.401.114(2Рос)
100 1_ a Автор Цветкова Е. В.
100 1_ a Автор Филиппова Т. Г.
245 10 a Заглавие Фейк-ньюз: взгляд журналиста и юриста
520 0_ a Аннотация В статье рассматривается становление понятия «фейковые новости», их опасности в информационном обществе, в борьбе с «фейковыми новостями» как в России, так и за рубежом, приводятся примеры об изменении отечественного законодательства и правоприменительная практика
650 14 a Основная рубрика право; административное право
653 0_ a Ключевые слова журналистская деятельность
a Ключевые слова Интернет
a Ключевые слова информационное законодательство
a Ключевые слова информация
a Ключевые слова критика
a Ключевые слова новости
a Ключевые слова обжалование судебных решений
a Ключевые слова охрана информации
a Ключевые слова правовое регулирование
a Ключевые слова проверка фактов
a Ключевые слова Россия
a Ключевые слова санкции
a Ключевые слова средства массовой информации (СМИ)
a Ключевые слова суд
a Ключевые слова судебные решения
a Ключевые слова управление в области информации
a Ключевые слова фейковые новости
773 08 t Заглавие источника Российская юстиция
d Дата издания источника 2020
g Прочая информация № 4. - С. 61 - 63
w Контрольный № источника d9163a71ea1647108cab3fccfb4b3d86
901 t Тип документа b